Využitie potenciálu projektu EHMK 2013 na rozvoj podniku PANGEA, s. r. o. diplomová práca

Salvato in:
Dettagli Bibliografici
Autore principale: Németová, Monika
Ente Autore: Podnikovohospodárska fakulta EU so sídlom v Košiciach. Katedra marketingu a obchodu
Altri autori: Ručinský, Rastislav
Natura: Libro
Lingua:slovacco
Pubblicazione: Košice 2013
Tags: Aggiungi Tag
Nessun Tag, puoi essere il primo ad aggiungerne!!

MARC

LEADER 00000nbm a2200000 4500
001 0170216
005 20170315090437.4
041 0 |a slo 
044 |a SK 
245 1 0 |a Využitie potenciálu projektu EHMK 2013 na rozvoj podniku PANGEA, s. r. o.  |b diplomová práca  |c Monika Németová ; školiteľ: Rastislav Ručinský 
264 1 |a Košice  |c 2013 
300 |a 96 s. 
100 1 |a Németová, Monika 
700 1 |a Ručinský, Rastislav 
710 2 |a Podnikovohospodárska fakulta EU so sídlom v Košiciach. Katedra marketingu a obchodu